000 00229nam a22001097a 4500
005 20181112152806.0
008 181112b xxu||||| |||| 00| 0 eng d
022 _a0971-2984
245 _aPhal Phool
260 _bICAR
942 _cJRL
999 _c5756
_d5754